Vendégélmények a lovasturizmusban az elvárások és tapasztalatok elemzése Magyarországon

Bibliographic Details
Main Author: Juhász Boglárka
Other Authors: Nagy Adrienne
Format: Thesis
Kulcsszavak:lovasturizmus
Magyarország
mélyinterjú
vendégélmény
vidéki turizmus
Online Access:http://dolgozattar.uni-bge.hu/59923

MARC

LEADER 00000nta a2200000 i 4500
001 dolg59923
005 20260409145743.0
008 260409suuuu hu om 000 hun d
040 |a BGE Dolgozattár Repozitórium  |b hun 
041 |a hu 
100 1 |a Juhász Boglárka 
245 1 0 |a Vendégélmények a lovasturizmusban az elvárások és tapasztalatok elemzése Magyarországon  |c Juhász Boglárka  |h [elektronikus dokumentum] 
520 3 |a A szakdolgozat célja a vendégélmények szerepének vizsgálata a lovasturizmusban, különös tekintettel arra, hogy milyen kapcsolat figyelhető meg a látogatók előzetes elvárásai és a ténylegesen átélt élmények között. A kutatás két módszertani pillérre épül: mélyinterjúkra olyan lovardák vezetőivel akik lovasturisztikai tevékenységet végeznek, valamint egy strukturált kérdőívre, amelyet a lovasturizmusban részt vevő vendégek töltöttek ki. Az interjúk révén feltérképezhetők voltak a szolgáltatók tapasztalatai, fejlesztési irányai és a kulturális értékek megőrzésének lehetőségei. A kérdőíves kutatás pedig betekintést nyújtott abba, hogy a vendégek hogyan értékelik az általuk igénybe vett szolgáltatásokat, valamint milyen tényezők befolyásolják az elégedettségüket. A kutatás eredményei rámutatnak arra, hogy a lovasturizmus sikerességéhez elengedhetetlen a látogatói elvárások és az élményelemek közötti harmónia megteremtése, valamint a tudatos, minőségorientált szolgáltatásfejlesztés. 
695 |a lovasturizmus 
695 |a Magyarország 
695 |a mélyinterjú 
695 |a vendégélmény 
695 |a vidéki turizmus 
700 1 |a Nagy Adrienne  |e ths 
856 4 0 |u http://dolgozattar.uni-bge.hu/59923/1/Vend%C3%A9g%C3%A9lm%C3%A9nyek%20a%20lovasturizmusban%20az%20elv%C3%A1r%C3%A1sok%20%C3%A9s%20tapasztalatok%20elemz%C3%A9se%20Magyarorsz%C3%A1gon-OVXUXU-Juh%C3%A1sz%20Bogl%C3%A1rka.pdf  |z Dokumentum-elérés 
856 4 0 |u http://dolgozattar.uni-bge.hu/59923/2/Juh%C3%A1sz_Bogl%C3%A1rka_opponens_Magyar_M%C3%A1rton.pdf  |z Dokumentum-elérés 
856 4 0 |u http://dolgozattar.uni-bge.hu/59923/3/B%C3%ADr%C3%A1lati%20lap_BSc_Juh%C3%A1sz%20Bogl%C3%A1rka.pdf  |z Dokumentum-elérés